Applied strategic planning : an introduction /
Na minha lista:
| Autor principal: | |
|---|---|
| Outros Autores: | , |
| Formato: | Livro |
| Publicado em: |
San Francisco, CA :
Pfeiffer,
c2008.
|
| Edição: | 2nd ed. |
| Assuntos: | |
| Acesso em linha: | http://www.loc.gov/catdir/enhancements/fy0902/2008277710-t.html |
| Tags: |
Adicionar Tag
Sem tags, seja o primeiro a adicionar uma tag!
|
MARC
| LEADER | 00000pam a22000004a 4500 | ||
|---|---|---|---|
| 005 | 20250929104011.0 | ||
| 020 | |a 9780787988524 |c TZs 33,290/= | ||
| 040 | |a MCCL |b eng. |e AACR 2nd rev. ed. | ||
| 082 | |a 658.4012 NOL | ||
| 100 | 1 | |a Nolan, Timothy M. | |
| 245 | 1 | 0 | |a Applied strategic planning : |b an introduction / |c Timothy M. Nolan, Leonard D. Goodstein, Jeanette Goodstein. |
| 250 | |a 2nd ed. | ||
| 260 | |a San Francisco, CA : |b Pfeiffer, |c c2008. | ||
| 300 | |a ix,142 p. : |b ill. ; |c 28 cm. | ||
| 500 | |a Rev. ed. of: Applied strategic planning / Goodstein, Leonard David. | ||
| 504 | |a Includes bibliographical references (p. 137-139). | ||
| 546 | |a eng. | ||
| 650 | 0 | |a Strategic planning. | |
| 700 | 1 | |a Goodstein, Leonard David. | |
| 700 | 1 | |a Goodstein, Jeanette. | |
| 700 | 1 | |a Goodstein, Leonard David. | |
| 856 | 4 | 1 | |u http://www.loc.gov/catdir/enhancements/fy0902/2008277710-t.html |
| 942 | |c BK | ||
| 999 | |c 11255 |d 11255 | ||